00316nam a2200133Ia 4500008004100000020001500041041001200056082001600068100002000084245002300104260003300127300000800160650001400168221030s9999 xx 000 0 und d a8185015597 aEnglish a105.23bCas aG. W. Castellan 0aPhysical Chemistry bNarosa Pub.aNew Delhic1996 a943 aChemistry